000 00323nam a2200157Ia 4500
100 _aCoelho/Paulo
650 _aFiciton
942 _cBK
366 _f20
245 _aLike the flowing river
260 _bHarper collins
_c2011
082 _a808.3
_bCOE
300 _a232
546 _aENGLISH
_cComputers
999 _c20878
_d20878